Untold tales of Pakistan Air Force (Record no. 554208)

000 -LEADER
fixed length control field 00357nam a22001217a 4500
082 ## - DEWEY DECIMAL CLASSIFICATION NUMBER
Classification number 923.1
Author Mark RAB
100 ## - MAIN ENTRY--PERSONAL NAME
Personal name Kamal, Air Cdre Kamal
9 (RLIN) 51525
245 ## - TITLE STATEMENT
Title Untold tales of Pakistan Air Force
Remainder of title A glimpse of life in the PAF
260 ## - PUBLICATION, DISTRIBUTION, ETC.
Place of publication, distribution, etc. Islamabad,
Name of publisher, distributor, etc. PAF Book Club,
Date of publication, distribution, etc. 2000.
300 ## - PHYSICAL DESCRIPTION
Extent v,281p.
526 ## - STUDY PROGRAM INFORMATION NOTE
Program name 0
Interest level 0
Reading level 0
Title point value 923_100000000000000_RAB
942 ## - ADDED ENTRY ELEMENTS (KOHA)
Source of classification or shelving scheme
Koha item type Book
Holdings
Withdrawn status Lost status Source of classification or shelving scheme Damaged status Not for loan Permanent Location Current Location Date acquired Total Checkouts Full call number Barcode Date last seen Date last checked out Price effective from Koha item type
          Military College of Engineering (MCE) Military College of Engineering (MCE) 04/09/2019 1 923.1 RAB MCE-50227 05/09/2019 04/09/2019 04/09/2019 Book
© 2023 Central Library, National University of Sciences and Technology. All Rights Reserved.